000 00881nam a2200241Ia 4500
003 OSt
005 20220923220856.0
006 a|||||r|||| 00| 0
007 ta
008 220922b |||||||| |||| 00| 0 hin d
024 _a191,774
037 _cTextual
040 _aARTS
_cARTS
_bhin
041 _2hin
_ahin
082 _aV2.J26<-F91, 152N1
100 _aबरनवाल, गणेश प्रसाद
245 0 _aदिल्ली सल्तनत तराइन से पानीपत, 1191-1526 ई
246 _aDillī saltanat tarāin se pānīpata, 1191-1526 ī0
260 _aवाराणसी
_b विश्वविद्यालय प्रकाशन
_c1991
300 _a209पृ.
_ccm.
942 _hV2.J26<-F91, 152N1
_cTEXL
_2CC
999 _c344430
_d344430